La eficacia de la reparacin̤ a la vc̕tima en el proceso penal a travš de las indemnizaciones

Bibliographic Details
Main Author: Soleto, Helena
Other Authors: Gran,̌ Aurea
Format: eBook
Language:Spanish
Published: Madrid: Dykinson, 2018
Subjects:
Online Access:Acceso restringido

MARC

LEADER 00000nam a22000007a 4500
005 20190301120243.0
007 cr|||| ||||
008 190301s2018 es |||||s|||| 00||0 spa d
020 |a 978-84-9148-962-7 
035 |a 22877 
040 |a vLex 
090 |c 8485  |d 8485 
100 1 |a Soleto, Helena 
245 1 2 |a La eficacia de la reparacin̤ a la vc̕tima en el proceso penal a travš de las indemnizaciones  |h [Recurso electrn̤ico] /  |c Helena Soleto, Aurea Graň 
256 |a Servicio en ln̕ea 
260 |a Madrid:  |b Dykinson,  |c 2018 
300 |a 1 recurso electrn̤ico 
500 |a Este trabajo contiene los resultados de la investigacin̤ sobre la eficacia de la ejecucin̤ de las indemnizaciones a favor de las vc̕timas contenidas en las sentencias penales de condena. Se ha realizado un estudio de campo de las ejecutorias en los Juzgados de lo Penal y la Audiencia Provincial de Madrid. El objetivo principal es evaluar la eficacia de la reparacin̤ econm̤ica a la vc̕tima. El estudio de campo se realiz ̤en dos etapas, octubre de 2015 y octubre de 2016, y la poblacin̤ objetivo est ̀formada por todos los expedientes de ejecutorias en la Comunidad de Madrid desde 2012 hasta 2015, excluyendo delitos menores y delitos relacionados con delitos de trǹsito y violencia de gňero, as ̕como aquellos donde no hay vc̕tima. Los principales hallazgos son que, en su mayora̕, las indemnizaciones dictadas en sentencia en los procedimientos penales no son pagadas por los condenados: a pesar de que los tribunales establecen altas indemnizaciones, tanto en los Juzgados de lo Penal como en la Audiencia Provincial, la mayora̕ de las vc̕timas y los maltratados reciben menos de 300 € en concepto de indemnizacin̤. Por otro lado, la ayuda econm̤ica de la Administracin̤ espaǫla a las vc̕timas es casi inexistente. Otros hallazgos relevantes son: Primero, para aquellas personas que acaban cobrando al menos una parte de la indemnizacin̤, el pero̕do entre la comisin̤ del ilc̕ito y el pago es de aproximadamente 5 aǫs en promedio; En segundo lugar, es ms̀ probable que la indemnizacin̤ se pague cuando la persona condenada no ingresa en prisin̤; En tercer lugar, en general, no se utilizan mecanismos de seguro de responsabilidad civil; En la fase de investigacin̤, solo se adoptan medidas cautelares en el 15% de los casos. Todas estas situaciones reflejan la violacin̤ de los parm̀etros de justicia europeos con respecto a la reparacin̤ a las vc̕timas. 
506 1 |a Disponible solo en los productos indicados  |d vLex Global  |d vLex Global (Academic Edition, excluding Law Schools)  |d vLex Global (U.S. Academic Edition, Law Schools)  |d vLex Global (U.S. Academic Edition, excluding Law Schools)  |d vLex Global (Academic Edition, Law Schools) 
650 0 4 |a Derecho Procesal  |z Espaą 
650 0 4 |a Procedimiento Penal  |z Espaą 
700 1 |a Gran,̌ Aurea 
740 0 |a vLex Libros (Servicio en ln̕ea) 
856 4 0 |u http://vlex.com/source/eficacia-de-la-reparacion-a-la-victima-en-el-proceso-penal-a-traves-de-las-indemnizaciones-22877  |z Acceso restringido 
942 |c BOOK 
999 0 |a Procedural Law 
999 0 |a Criminal Procedure